Stavebno-technologický projekt

Na minha lista:
Detalhes bibliográficos
Autor principal: Jágerský, Lukáš (Author)
Outros Autores: Šťastný, Patrik (Thesis advisor)
Formato: Manuscrito Livro
Idioma:eslovaco
Publicado em: 2023
Assuntos:
Acesso em linha:http://is.stuba.sk/zp/portal_zp.pl?podrobnosti=172042
https://opac.crzp.sk/?fn=detailBiblioForm&sid=C0DEB8E07572332BAB240F15805F
Tags: Adicionar Tag
Sem tags, seja o primeiro a adicionar uma tag!

MARC

LEADER 00000ntm a22000003a 4500
001 stuzp94143
003 SK-STU
005 20230918154657.0
007 ta
008 150427s2015----xo-----f-mn---000-0-slo-d
040 |a STU  |b slo 
041 0 |a slo 
100 1 |a Jágerský, Lukáš  |u 010270  |4 aut  |U SvF Stavebná fakulta  |T SvF Katedra technológie stavieb  |X 92920  |U V270  |Y 28  |7 92920 
242 0 1 |a Construction-technological project  |y eng 
245 1 0 |a Stavebno-technologický projekt 
260 |c 2023 
650 4 |a priečky  |2 slo 
650 4 |a zariadenie staveniska  |2 slo 
650 4 |a technológie  |2 slo 
650 4 |a bezpečnosť  |2 slo 
650 4 |a variantný návrh  |2 slo 
650 4 |a construction site equipment  |2 eng 
650 4 |a security  |2 eng 
650 4 |a technology  |2 eng 
650 4 |a rung  |2 eng 
650 4 |a variant proposal  |2 eng 
700 1 |a Šťastný, Patrik  |u 010270  |k Z2  |4 ths  |U SvF Stavebná fakulta  |T SvF Katedra technológie stavieb  |X 70398  |U V270  |Y 28  |7 70398 
856 4 |u http://is.stuba.sk/zp/portal_zp.pl?podrobnosti=172042 
856 4 |u https://opac.crzp.sk/?fn=detailBiblioForm&sid=C0DEB8E07572332BAB240F15805F